| 000 | 00671nam a22002057a 4500 | ||
|---|---|---|---|
| 003 | OSt | ||
| 005 | 20251028030930.0 | ||
| 008 | 251028b |||||||| |||| 00| 0 eng d | ||
| 020 | _a978-621-04-03756 | ||
| 040 |
_aDWCL-Main lib _cOC |
||
| 082 | _aFil. 372.7 C858 2020 | ||
| 100 | _aGuzano, Riza C. | ||
| 245 |
_aA course for teaching math in the intermediate grades/ _cRiza C. Guzano |
||
| 260 |
_aManila: _bRex bookstore Inc, _cc2020. |
||
| 300 |
_avi, 154 pages : _billustrations ; _c25cm. |
||
| 504 | _aIncluding bibliographical references | ||
| 650 | _a1. Arithmetic-- study and teaching | ||
| 700 | _a[ AND FOUR OTHERS] | ||
| 942 |
_2ddc _cBK-FIL _kFil. _n0 |
||
| 999 |
_c5212 _d5212 |
||